|
|
|
|
| LEADER |
00000nam0a2200000 4500 |
| 001 |
134717 |
| 005 |
20231031135820.0 |
| 020 |
|
|
|a RU
|b 87-45119
|
| 035 |
|
|
|a (RuTPU)RU\TPU\book\146023
|
| 090 |
|
|
|a 134717
|
| 100 |
|
|
|a 20080403d1987 m y0rusy5003 ca
|
| 101 |
0 |
|
|a rus
|
| 102 |
|
|
|a MD
|
| 105 |
|
|
|a y z 000ay
|
| 200 |
1 |
|
|a На исходе ночи
|e Повести, рассказ, очерки
|f Е. Д. Габуния
|g авт. предисл. Н. Савостин
|
| 210 |
|
|
|a Кишинев
|c Литература артистикэ
|d 1987
|
| 215 |
|
|
|a 494,[2] с.
|
| 333 |
|
|
|a Исключено из фонда НТБ ТПУ
|
| 700 |
|
1 |
|a Габуния
|b Е. Д.
|g Евгений Дзукуевич
|
| 702 |
|
1 |
|a Савостин
|b Н.
|4 080
|
| 801 |
|
0 |
|a RU
|b RuMRKP
|c 19950417
|g psbo
|
| 801 |
|
1 |
|a RU
|b 63413507
|c 20080403
|g PSBO
|
| 801 |
|
2 |
|a RU
|b 63413507
|c 20220614
|g PSBO
|
| 942 |
|
|
|c BK
|